How to get rich & stay rich

Bibliographic Details
Main Author: Young, Fred J
Corporate Author: Title
Format: Book
Published: Kuala Lumpur : Golden Books Centre , 2000
Subjects:

MARC

LEADER 00000cam a2200000 7i4500
001 0000012292
005 20071212.0
008 071212
020 |a 9679959546 
090 0 0 |a 332.024   |b YOU 
100 1 |a Young, Fred J 
245 1 0 |a How to get rich & stay rich   |c Fred J. Young 
260 |a Kuala Lumpur :   |b Golden Books Centre ,   |c 2000 
650 0 |a English fiction 
650 0 |a Finance personal 
650 0 |a Money 
710 0 |a Title 
999 |a 0001003537   |b Book   |c Adult Collection   |e Perbadanan Perpustakaan Awam Johor 
999 |a 0001003538   |b Book   |c Adult Collection   |e Perbadanan Perpustakaan Awam Johor